The 1971 World Book Year Book
Gespeichert in:
| Format: | Buch |
|---|---|
| Sprache: | Undetermined |
| Veröffentlicht: |
Chicago, Estados Unidos
Field Enterprises Educational Corporation
1971
|
| Schlagworte: | |
| Tags: |
Tag hinzufügen
Keine Tags, Fügen Sie den ersten Tag hinzu!
|
MARC
| LEADER | 00000nam a2200000Ia 4500 | ||
|---|---|---|---|
| 008 | 170316s9999 xx 000 0 und d | ||
| 040 | |a cru BVZT | ||
| 090 | |a REF | ||
| 245 | 4 | |a The 1971 World Book Year Book | |
| 260 | |a Chicago, Estados Unidos | ||
| 260 | |b Field Enterprises Educational Corporation | ||
| 260 | |c 1971 | ||
| 300 | |a 630 páginas | ||
| 650 | |a REFERENCIA | ||
| 650 | |a ENCICLOPEDIA EN INGLÉS | ||
| 942 | |c REF | ||
| 999 | |c 14937 |d 14937 | ||
